| 000 | 00740nam a2200217 u 4500 | ||
|---|---|---|---|
| 005 | 20210223131153.0 | ||
| 008 | 091106s2003 r 000 0 eng d | ||
| 020 | _a9702603471 | ||
| 035 | _aUPN01000173607 | ||
| 049 | _aCG | ||
| 050 | 4 |
_aBF39 _bG3.3 |
|
| 100 | 1 | _aGardner, Robert C. | |
| 245 | 1 | 0 |
_aEstadística para psicología usando SPSS para windows / _cRobert C. Gardner. |
| 260 |
_aMéxico : _bPearson Educación, _c2003. |
||
| 300 |
_a307 p. : _bcuadros, gráfs. |
||
| 590 | _a"Bibliografía Básica (BGTQ), 2009" | ||
| 590 | _a(También localizas un ejemplar en el "Area de Reserva") | ||
| 650 | 4 |
_aPSICOLOGIA - _xMETODOS ESTADISTICOS _96558 |
|
| 650 | 4 |
_aSPSS PARA WINDOWS (ARCHIVO PARA COMPUTADORA) _94046 |
|
| 905 | _aLibro | ||
| 999 |
_c145711 _d145711 |
||